| 000 | 00673nam a2200229 4500 | ||
|---|---|---|---|
| 003 | OSt | ||
| 005 | 20240709022047.0 | ||
| 006 | a | ||
| 008 | 240709b |||||||| |||| 00| 0 eng d | ||
| 020 | _a9971513056 | ||
| 040 |
_aDWCL-Main lib. _cOC |
||
| 082 |
_2Fourth edition _aCirc. 621.382 H419 2001 |
||
| 100 | _aSimon Haykin | ||
| 245 | _aCommunication systems / | ||
| 250 | _aFourth edition | ||
| 260 |
_aNew York : _bJohn wiley & Sons, Inc., _cc2001. |
||
| 300 |
_axviii, _b816 p. ; _c25 cm. |
||
| 504 | _aIncludes index. | ||
| 650 | _a1. Telecommunication. | ||
| 650 | _a2. Signal theory (Telecommunication). | ||
| 942 |
_2ddc _n0 _cBK-CIRC _eFourth edition _kCirc. |
||
| 999 |
_c2124 _d2124 |
||